| 000 | 00733nam a22001577a 4500 | ||
|---|---|---|---|
| 003 | OSt | ||
| 005 | 20151002102521.0 | ||
| 008 | 151002b xxu||||| |||| 00| 0 eng d | ||
| 040 | _cRUA | ||
| 082 | _aAVM ទេព 1989 B065 Or.1 | ||
| 100 |
_91728 _aទេព បេងថៃ |
||
| 245 | _aបណ្តាសន្ទស្សន៍ឈាមមួយចំនួនរបស់គោជំទង់នៅស្តានីយ៍ចិញ្ចឹមគោពូជភ្នំតាម៉ៅ និង ចិញ្ចឹមជាឯកជនដែលអាស្រ័យនឹងពូជ និង បង្គំសរីរាង្គ | ||
| 260 |
_aPhnom Penh _bRUA _c1989 |
||
| 300 |
_a80p. _bill. _c29cm. |
||
| 942 |
_2ddc _cAVM |
||
| 999 |
_c1630 _d1630 |
||